| 000 | 00814nam a2200253Ia 4500 | ||
|---|---|---|---|
| 003 | OSt | ||
| 005 | 20220918171601.0 | ||
| 006 | a|||||r|||| 00| 0 | ||
| 007 | ta | ||
| 008 | 220917b |||||||| |||| 00| 0 eng d | ||
| 020 |
_a9783039111909 (pbk) _c4409.81 |
||
| 024 | _a236,438 | ||
| 037 |
_b225, 18/10/2008, Bharatiya Sahitya Bhavana _cTextual |
||
| 040 |
_aARTS _cARTS _beng |
||
| 041 |
_2eng _aeng |
||
| 082 | _aP:795, P7 | ||
| 100 |
_aPerez Maria Calzada _937461 |
||
| 245 | 0 |
_aTransitivity in translating _b the interdependence of texture and context |
|
| 260 |
_aBern _bPeter Lang Switzerland _c2007 |
||
| 300 |
_axxii,319p. _ccm. |
||
| 650 | _aLINGUISTICS | ||
| 942 |
_hP:795, P7 _cTEXL _2CC |
||
| 999 |
_c140269 _d140269 |
||